000 00280nam a22001217a 4500
008 180111b xxu||||| |||| 00| 0 eng d
041 _aeng
080 _a030
100 _a23
101 _aENC
245 _aThe illustrated medical encyclopedia
_cRothenberg,R.E
942 _2udc
_cBK
999 _c40130
_d40130